| 000 | 00550cad a22002175a 4500 | ||
|---|---|---|---|
| 001 | L159778 | ||
| 008 | 150226s2016 xxk f 000 0 eng d | ||
| 035 | _a(Sirsi) u159778 | ||
| 041 | 0 | _aeng | |
| 100 | 1 | _aCousins, Stephen | |
| 245 | 0 | 0 | _a3D printing |
| 260 | _c2016 | ||
| 490 |
_aModus _vMarch 2016, 20-21 (2) |
||
| 520 | _aLooks at the real-life applications of 3D printing in construction. | ||
| 590 | _aKA | ||
| 650 | 2 | 4 | _a3D PRINTING |
| 650 | 2 | 4 | _a3D MODELLING |
| 651 | 4 | _aUnited Kingdom | |
| 690 | _aCONSTRUCTION | ||
| 942 |
_n0 _2ddc |
||
| 999 |
_c84982 _d84982 |
||